Quizzes
Events
Quiz Creation
Community
Videos
Private Events
Remove Ads
Sign In
Join for FREE
Feedback
Dark Mode
Quiz Categories
Sports
Geography
Music
Movies
Television
Just For Fun
Miscellaneous
History
Literature
Language
Science
Gaming
Entertainment
Religion
Holiday
For Kids
Quiz Lab
Recent
Popular Today
Quiz Kudos Today
Editor Picks
Curator Picks
Quizzes by...
Day
Popularity
Type
Ratings
Length
Year
Community
Subscriptions
Recent Discussions
Orange Saloon
Badges
Playlists
Quests
Create
Leaderboards
Showdown
Live 5
Trivia Bingo
Activity
Puzzle Library
Sporcle Events
Private Events
Virtual Trivia
Globe League
Become a Host
Pub Owners
SporcleCon
Opinionation
Our Games
Videos
Blog
Mobile Apps
Partnerships
Remove Ads and Go Orange
Feedback
Geography
Country
Landmarks
City
State
Population
World
Capital
Continent
Flags
Europe
Africa
Asia
South America
North America
Oceania
Border
Canada
United Kingdom
Topography
United States
Geography
Country
Landmarks
City
State
Population
World
Capital
Continent
Flags
Europe
Africa
Asia
South America
North America
Oceania
Border
Canada
United Kingdom
Topography
United States
Random Quiz
Search Sporcle
×
Quiz Lab
Quiz Lab
Geography
City
Type in answers that appear in a list
Type in answers that appear in a list
Classic
Best Score? Go Orange.
Cities with Over 1,000,000 in Asia (Excluding China and India) Stats
Can you name the Cities with Over 1,000,000 in Asia?
By
Arlen
14m
70 Questions
48 Plays
48 Plays
48 Plays
Comments
Comments
Give Quiz Kudos
Give Quiz Kudos
-
- Ratings
hide this ad
Replay
Link that replays current quiz
Next Quiz
Link to next quiz in quiz playlist
You Got
0%
They Got
Avg Score
40%
Avg Friend Score
Upgrade to see
Score Distribution
Jump to the score distribution portion of the page
Score
0/70
Timer
14:00
0
Plays Today
Country
City
% Correct
South Korea
Seoul
100%
Indonesia
Jakarta
97.9%
Japan
Tokyo
95.8%
Russia
Moscow
95.8%
Singapore
Singapore
91.7%
Vietnam
Ha Noi
89.6%
Taiwan
Taipei
87.5%
Thailand
Bangkok
87.5%
Vietnam
Ho Chi Minh City
87.5%
Bangladesh
Dhaka
85.4%
Japan
Osaka
83.3%
North Korea
Pyongyang
77.1%
Philippines
Manila
75%
Malaysia
Kuala Lumpur
72.9%
Myanmar
Yangon
62.5%
Japan
Kyoto
62.5%
Japan
Yokohama
56.3%
Cambodia
Phnom Penh
54.2%
South Korea
Busan
54.2%
Japan
Kobe
52.1%
Japan
Hiroshima
52.1%
Bangladesh
Chittagong
50%
Russia
Saint Petersburg
50%
Japan
Nagoya
47.9%
Japan
Sapporo
47.9%
Russia
Novosibirsk
47.9%
South Korea
Incheon
45.8%
Philippines
Quezon City
45.8%
Mongolia
Ulan Bator
41.7%
Indonesia
Surabaya
39.6%
Japan
Fukuoka
39.6%
Russia
Nizhny Novgorod
39.6%
Indonesia
Medan
37.5%
Indonesia
Bandung
37.5%
South Korea
Daegu
35.4%
Country
City
% Correct
Russia
Kazan
35.4%
Russia
Ufa
35.4%
Russia
Yekaterinburg
33.3%
Russia
Samara
33.3%
Russia
Omsk
33.3%
Taiwan
Kaohsiung
33.3%
Russia
Rostov-On-Don
31.3%
Myanmar
Mandalay
29.2%
Russia
Chelyabinsk
27.1%
Taiwan
Taichung
27.1%
Indonesia
Palembang
22.9%
Japan
Sendai
22.9%
Philippines
Davao City
22.9%
Russia
Volgograd
22.9%
Vietnam
Hai Phong
20.8%
South Korea
Ulsan
18.8%
Japan
Kawasaki
16.7%
Taiwan
New Taipei
16.7%
Indonesia
Semarang
12.5%
Indonesia
Makassar
12.5%
Taiwan
Tainan
12.5%
South Korea
Daejeon
10.4%
South Korea
Gwangju
10.4%
Malaysia
George Town
10.4%
Philippines
Caloocan
10.4%
Indonesia
Bekasi
8.3%
Malaysia
Subang Jaya
8.3%
Malaysia
Johor Bahru
8.3%
Indonesia
Tangerang
6.3%
Indonesia
Depok
6.3%
South Korea
Changwon
6.3%
Japan
Saitama
4.2%
Vietnam
Can Tho
4.2%
Indonesia
Serang
2.1%
South Korea
Suwan
0%
Quiz Playlist
Details
Report
Send in Message
Add To Playlist
Classic:
Type in answers that appear in a list
Last Updated: Feb 16, 2017
Quiz Scoreboard
CHALLENGE
Sign Up to Join the Scoreboard
Show All
Scores
Hide
Comments
May contain spoilers
Recently Published
NBA Finals Game Top Scorers (2010s)
by flibbidy
Sports
5m
Guess the 'R' Things in 3 Words
by MSUKent
Miscellaneous
3m
Actor to Badly Drawn Movie III
by MoMosMoProblems
Movies
5m
More to Explore
Quiz From the Vault
Featured Blog Post
Where Does Lost Luggage Go?
hide this ad
You Might Also Like...
Tags
Asia Quiz
City Quiz
Country Quiz
Population Quiz
Today's Top Quizzes in Geography
Browse Geography
hide this ad
Today's Top Quizzes in City
Browse City
Top Contributed Quizzes in Geography
1
Countries of the World - No Outlines Minefield
2
Find the Landmarks A-Z
3
Lietuvos savivaldybės (Lithuanian Municipalities)
4
Blind Ultimate Minefield: World
5
Ultimate Geography Challenge 'A'
6
Find the US States - No Outlines
7
3, 2, 1 or 0: Land Borders
8
Complete the Map Snippet (Minefield) IX
9
Complete the Map Snippet (Minefield) X
10
Nickname Match: U.S. States
Explore More
Trending Topics
Marvel
Harry Potter
Kpop
NBA
Disney
Anime
Crossword
Puzzle
Country
Pokémon
WWE
The Office
NFL
Soccer
Song
hide this ad
More By:
Arlen
Quiz
Plays
Rating
Category
Featured
Created
Colleges in the city of Pittsburgh
1,379
1.88
Miscellaneous
Feb 10, 2010
provinces and territories of canada
738
3.00
Geography
May 4, 2010
Cities with Over 1,000,000 in North America
574
2.29
Geography
Jun 20, 2011
Sports teams of the USA
542
1.33
Sports
Dec 8, 2009
Colleges in the city of Philadelphia
528
1.00
Miscellaneous
Feb 15, 2010
Go to Creator's Profile
Score Distribution
Quiz Creator Spotlight
Arlen
Follow
Send a Message
Quizzes Created
-
Created Quiz Play Count
-
More By This Creator
Popular Quizzes Today
1
Find the US States - No Outlines Minefield
2
Find the US States
3
The Countries of the World
4
10 Largest US States in Order
5
Find the Countries of Europe - No Outlines Minefield
6
US States
7
Guess the 'R' Things in 3 Words
8
NBA Finals Game Top Scorers (2010s)
More Geography Quizzes
World Landmarks by Country
Published
Trending Quizzes
First Name TV: Leading Men
Match the Book to the Film II
First Name TV: Leading Women Drama
3-Word Movies in 1 Word II
Match the Book to the Film VI
Recently Updated
Women's Final Four Teams by Year
bhenderson79
Presidents Quartet II
eogle
Anything But Clue(do)
eogle
Anything But Oceanian Capitals
eogle
Anything But 7
eogle
Anything But Thing
eogle
Word Ladder: February 29
pecheneg
Song Title Questions
pecheneg
Women's NCAA Tournament #1 Seeds
pecheneg
Celebrity Mug Shots
pecheneg
Trending Topics
NBA
Disney
Harry Potter
Anime
Kpop
Marvel
Crossword
The Office
Song
Soccer
Country
Pokémon
WWE
Puzzle
NFL
Your Account Isn't Verified!
In order to create a playlist on Sporcle, you need to verify the email address you used during registration. Go to your
Sporcle Settings
to finish the process.
Report this User
Report this user for behavior that violates our
Community Guidelines
.
Details:
Send Report
Go to the Sporcle.com Mobile Site →
Comments